000 00446nam a2200145 i 4500
001 171845
003 ES-MaACL
005 20230906214738.0
008 090603s1909 sp |||| | spa d
100 1 _aSolsona y Baselga, Conrado.
_9132808
245 1 0 _aHojas marchitas
_b: prosa y verso /
_cConrado Solsona.
260 _aMadrid :
_b[s.n.],
_c1909 (
_fSucra. de Minuesa de los RĂ­os)
300 _a200 p. ;
_c18 cm.
852 _aES-MaACL
_jF-2706
999 _c171845
_d171845